| 000 -LEADER |
| fixed length control field |
01349cam a2200229 a 4500 |
| 082 00 - DEWEY DECIMAL CLASSIFICATION NUMBER |
| Classification number |
574.92 |
| Author Mark |
GLO |
| -- |
D |
| 245 02 - TITLE STATEMENT |
| Title |
A global representative system of marine protected areas / |
| Statement of responsibility, etc. |
principal editors, Graeme Kelleher, Chris Bleakley, and Sue Wells. |
| 260 ## - PUBLICATION, DISTRIBUTION, ETC. |
| Place of publication, distribution, etc. |
Canberra, ACT, Australia : |
| Name of publisher, distributor, etc. |
Great Barrier Reef Marine Park Authority ; |
| Place of publication, distribution, etc. |
Washington, D.C. : |
| Name of publisher, distributor, etc. |
World Bank ; |
| Place of publication, distribution, etc. |
Gland, Switzerland : |
| Name of publisher, distributor, etc. |
World Conservation Union, |
| Date of publication, distribution, etc. |
[1995] |
| 300 ## - PHYSICAL DESCRIPTION |
| Extent |
iv, 93. : |
| Other physical details |
col. maps ; |
| Dimensions |
28 cm. |
| 505 0# - FORMATTED CONTENTS NOTE |
| Formatted contents note |
v. 1. Antarctic, Arctic, Mediterranean, Northwest Atlantic, Northeast Atlantic, and Baltic -- v. 2. Wider Caribbean, West Africa, and South Atlantic -- v. 3. Central Indian Ocean, Arabian Seas, East Africa, and East Asian seas -- v. 4. South Pacific, Northeast Pacific, Northwest Pacific, Southeast Pacific, and Australia/New Zealand. |
| 526 ## - STUDY PROGRAM INFORMATION NOTE |
| Program name |
0 |
| Interest level |
0 |
| Reading level |
0 |
| Title point value |
574_920000000000000_GLO |
| 650 #0 - SUBJECT ADDED ENTRY--TOPICAL TERM |
| Topical term or geographic name entry element |
Marine biodiversity conservation. |
| 9 (RLIN) |
40381 |
| 650 #0 - SUBJECT ADDED ENTRY--TOPICAL TERM |
| Topical term or geographic name entry element |
Marine parks and reserves. |
| 9 (RLIN) |
40382 |
| 650 #0 - SUBJECT ADDED ENTRY--TOPICAL TERM |
| Topical term or geographic name entry element |
Marine resources conservation. |
| 9 (RLIN) |
40383 |
| 700 1# - ADDED ENTRY--PERSONAL NAME |
| Personal name |
Bleakley, Chris. |
| 9 (RLIN) |
40384 |
| 700 1# - ADDED ENTRY--PERSONAL NAME |
| Personal name |
Kelleher, Graeme. |
| 9 (RLIN) |
40385 |
| 700 1# - ADDED ENTRY--PERSONAL NAME |
| Personal name |
Wells, Sue. |
| 9 (RLIN) |
40386 |
| 710 2# - ADDED ENTRY--CORPORATE NAME |
| Corporate name or jurisdiction name as entry element |
Great Barrier Reef Marine Park Authority. |
| 9 (RLIN) |
40387 |
| 710 2# - ADDED ENTRY--CORPORATE NAME |
| Corporate name or jurisdiction name as entry element |
International Union for Conservation of Nature and Natural Resources. |
| 9 (RLIN) |
40388 |
| 710 2# - ADDED ENTRY--CORPORATE NAME |
| Corporate name or jurisdiction name as entry element |
World Bank. |
| 9 (RLIN) |
4999 |
| 942 ## - ADDED ENTRY ELEMENTS (KOHA) |
| Source of classification or shelving scheme |
|
| Koha item type |
Book |